[Event "D"]
[Site "?"]
[Date "2018.08.25"]
[Round "5.5"]
[White "Zawada, Radoslaw"]
[Black "Cieply, Krzysztof"]
[Result "1/2-1/2"]
[BlackElo "1400"]
[WhiteElo "1192"]
[LiveChessVersion "1.4.8"]

1. e4 {[%clk 1:30:59]} c5 {[%clk 1:30:55]} 2. Nf3 {[%clk 1:31:19]} Nc6
{[%clk 1:31:18]} 3. d4 {[%clk 1:31:42]} cxd4 {[%clk 1:31:42]} 4. Nxd4
{[%clk 1:32:03]} Nf6 {[%clk 1:32:03]} 5. Nc3 {[%clk 1:32:25]} e5 {[%clk 1:32:25]}
6. Ndb5 {[%clk 1:32:32]} d6 {[%clk 1:32:43]} 7. Bg5 {[%clk 1:32:44]} a6
{[%clk 1:32:53]} 8. Na3 {[%clk 1:33:01]} b5 {[%clk 1:33:09]} 9. Bxf6
{[%clk 1:31:00]} Qxf6 {[%clk 1:33:19]} 10. Nd5 {[%clk 1:31:20]} Qd8
{[%clk 1:33:41]} 11. Be2 {[%clk 1:27:46]} Be7 {[%clk 1:33:35]} 12. O-O
{[%clk 1:28:02]} O-O {[%clk 1:33:58]} 13. c4 {[%clk 1:27:53]} b4 {[%clk 1:33:43]}
14. Nc2 {[%clk 1:27:33]} a5 {[%clk 1:33:58]} 15. Nce3 {[%clk 1:26:43]} Bg5
{[%clk 1:34:19]} 16. b3 {[%clk 1:22:59]} Nd4 {[%clk 1:33:46]} 17. Rc1
{[%clk 1:18:06]} Bb7 {[%clk 1:34:04]} 18. Rb1 {[%clk 1:09:43]} Bc8
{[%clk 1:33:33]} 19. Bg4 {[%clk 0:59:35]} Be6 {[%clk 1:31:35]} 20. Rb2
{[%clk 0:56:04]} f5 {[%clk 1:30:36]} 21. exf5 {[%clk 0:54:52]} Nxf5
{[%clk 1:31:00]} 22. Nxf5 {[%clk 0:54:47]} Bxf5 {[%clk 1:31:25]} 23. Bxf5
{[%clk 0:55:06]} Rxf5 {[%clk 1:31:48]} 24. Qd3 {[%clk 0:54:01]} Rf8
{[%clk 1:32:05]} 25. Rd1 {[%clk 0:54:15]} Ra6 {[%clk 1:29:28]} 26. c5
{[%clk 0:49:58]} Rc6 {[%clk 1:28:59]} 27. cxd6 {[%clk 0:49:51]} Rxd6
{[%clk 1:29:22]} 28. Qc4 {[%clk 0:41:52]} Kh8 {[%clk 1:29:29]} 29. Rbb1
{[%clk 0:40:16]} Rf7 {[%clk 1:29:33]} 30. Ne3 {[%clk 0:38:11]} Bxe3
{[%clk 1:29:18]} 31. Rxd6 {[%clk 0:36:08]} Bxf2+ {[%clk 1:29:32]} 32. Kh1
{[%clk 0:36:12]} Rd7 {[%clk 1:28:55]} 33. Rxd7 {[%clk 0:35:10]} Qxd7
{[%clk 1:29:18]} 34. Qf1 {[%clk 0:35:34]} Bc5 {[%clk 1:29:38]} 35. Rc1
{[%clk 0:35:29]} Be7 {[%clk 1:29:27]} 36. Qc4 {[%clk 0:33:32]} Qd6
{[%clk 1:29:17]} 37. Qc7 {[%clk 0:30:34]} Qd2 {[%clk 1:29:20]} 38. Qc8+
{[%clk 0:29:04]} Bd8 {[%clk 1:29:04]} 39. Rf1 {[%clk 0:28:30]} Qd6
{[%clk 1:29:21]} 40. Qf5 {[%clk 0:27:52]} Bf6 {[%clk 1:29:42]} 41. Qc8+
{[%clk 0:28:00]} Bd8 {[%clk 1:30:08]} 42. h3 {[%clk 0:27:17]} h6 {[%clk 1:30:32]}
43. Qc2 {[%clk 0:26:48]} Bc7 {[%clk 1:30:34]} 44. Rd1 {[%clk 0:26:09]} Qe7
{[%clk 1:30:54]} 45. Qf5 {[%clk 0:24:02]} Qc5 {[%clk 1:29:33]} 46. Qc8+
{[%clk 0:23:45]} Kh7 {[%clk 1:29:54]} 47. Rd7 {[%clk 0:23:26]} Qc1+
{[%clk 1:30:15]} 48. Kh2 {[%clk 0:23:37]} Qf4+ {[%clk 1:30:29]} 1/2-1/2

[Event "D"]
[Site "?"]
[Date "2018.08.25"]
[Round "5.7"]
[White "Grubiak, Karol"]
[Black "Klisowski, Bartosz"]
[Result "1-0"]
[BlackElo "1330"]
[WhiteElo "1164"]
[LiveChessVersion "1.4.8"]

1. e4 {[%clk 1:30:57]} c6 {[%clk 1:30:48]} 2. Nf3 {[%clk 1:31:21]} d5
{[%clk 1:31:12]} 3. e5 {[%clk 1:31:11]} Bg4 {[%clk 1:31:05]} 4. Be2
{[%clk 1:30:14]} e6 {[%clk 1:31:27]} 5. d4 {[%clk 1:29:34]} Nd7 {[%clk 1:30:58]}
6. Nfd2 {[%clk 1:28:47]} Bxe2 {[%clk 1:31:02]} 7. Qxe2 {[%clk 1:29:09]} Ne7
{[%clk 1:30:58]} 8. Nb3 {[%clk 1:29:25]} Qc7 {[%clk 1:29:55]} 9. Bg5
{[%clk 1:28:34]} c5 {[%clk 1:28:00]} 10. dxc5 {[%clk 1:27:48]} Qxe5
{[%clk 1:27:15]} 11. Qxe5 {[%clk 1:27:31]} Nxe5 {[%clk 1:27:34]} 12. N1d2
{[%clk 1:27:36]} N7c6 {[%clk 1:26:16]} 13. Be3 {[%clk 1:26:57]} Be7
{[%clk 1:24:03]} 14. h3 {[%clk 1:26:57]} Rd8 {[%clk 1:22:11]} 15. f4
{[%clk 1:27:07]} Nd7 {[%clk 1:21:10]} 16. Nf3 {[%clk 1:26:34]} O-O
{[%clk 1:20:50]} 17. O-O-O {[%clk 1:26:15]} Nb4 {[%clk 1:18:48]} 18. Kb1
{[%clk 1:26:23]} Na6 {[%clk 1:18:46]} 19. g4 {[%clk 1:26:09]} Naxc5
{[%clk 1:18:45]} 20. g5 {[%clk 1:26:11]} Nxb3 {[%clk 1:18:54]} 21. axb3
{[%clk 1:26:34]} Bc5 {[%clk 1:19:01]} 22. Bd2 {[%clk 1:26:50]} Rfe8
{[%clk 1:17:53]} 23. h4 {[%clk 1:26:49]} e5 {[%clk 1:17:09]} 24. fxe5
{[%clk 1:26:11]} Nxe5 {[%clk 1:17:33]} 25. Nxe5 {[%clk 1:26:12]} Rxe5
{[%clk 1:17:58]} 26. h5 {[%clk 1:26:21]} Be3 {[%clk 1:16:58]} 27. Bxe3
{[%clk 1:26:02]} Rxe3 {[%clk 1:17:23]} 28. Rdg1 {[%clk 1:26:05]} Rd6
{[%clk 1:17:04]} 29. Rh2 {[%clk 1:24:56]} Rde6 {[%clk 1:13:02]} 30. Ka2
{[%clk 1:24:43]} Re2 {[%clk 1:12:09]} 31. Rhg2 {[%clk 1:23:52]} Rxg2
{[%clk 1:12:22]} 32. Rxg2 {[%clk 1:24:13]} Kf8 {[%clk 1:12:39]} 33. Ka3
{[%clk 1:24:23]} Ke7 {[%clk 1:11:51]} 34. Kb4 {[%clk 1:24:18]} Kd6
{[%clk 1:10:11]} 35. Rf2 {[%clk 1:24:22]} f6 {[%clk 1:08:46]} 36. Rf5
{[%clk 1:24:31]} Re5 {[%clk 1:07:38]} 37. h6 {[%clk 0:59:36]} Rxf5
{[%clk 1:06:47]} 38. g6 {[%clk 0:59:49]} Rf4+ {[%clk 1:03:20]} 39. Ka3
{[%clk 0:59:59]} hxg6 {[%clk 1:02:57]} 40. hxg7 {[%clk 1:00:17]} g5
{[%clk 1:02:46]} 41. g8=Q {[%clk 1:00:27]} g4 {[%clk 1:02:07]} 42. Qb8+
{[%clk 1:00:29]} Ke6 {[%clk 1:01:39]} 43. Qxf4 {[%clk 1:00:49]} f5
{[%clk 1:02:02]} 44. Kb4 {[%clk 1:00:53]} a6 {[%clk 1:01:03]} 45. Kc5
{[%clk 1:01:04]} b5 {[%clk 1:01:17]} 46. c4 {[%clk 1:00:37]} bxc4
{[%clk 1:01:39]} 47. bxc4 {[%clk 1:01:00]} dxc4 {[%clk 1:02:05]} 48. Kxc4
{[%clk 1:01:23]} a5 {[%clk 1:02:33]} 49. Kb5 {[%clk 1:01:41]} Kf6
{[%clk 1:02:57]} 50. Kxa5 {[%clk 1:01:59]} Ke6 {[%clk 1:03:20]} 51. b4
{[%clk 1:02:16]} 1-0

[Event "D"]
[Site "?"]
[Date "2018.08.25"]
[Round "5.8"]
[White "Karzel, Ludwik"]
[Black "Ullrich, Karol"]
[Result "0-1"]
[BlackElo "1303"]
[WhiteElo "1097"]
[LiveChessVersion "1.4.8"]

1. e4 {[%clk 1:30:57]} c6 {[%clk 1:30:56]} 2. Nf3 {[%clk 1:30:33]} d5
{[%clk 1:31:20]} 3. exd5 {[%clk 1:30:46]} cxd5 {[%clk 1:31:46]} 4. d4
{[%clk 1:30:48]} Nc6 {[%clk 1:32:08]} 5. Bb5 a6 {[%clk 1:31:45]} 6. Bxc6+
{[%clk 1:30:59]} bxc6 {[%clk 1:32:11]} 7. O-O {[%clk 1:31:13]} Nf6
{[%clk 1:32:38]} 8. Re1 {[%clk 1:30:41]} Bg4 {[%clk 1:32:47]} 9. Bg5
{[%clk 1:30:44]} e6 {[%clk 1:33:12]} 10. Nbd2 {[%clk 1:29:06]} Be7
{[%clk 1:33:20]} 11. h3 {[%clk 1:28:49]} Bh5 {[%clk 1:33:37]} 12. g4
{[%clk 1:25:44]} Bg6 {[%clk 1:31:46]} 13. Ne5 {[%clk 1:24:25]} Qc7
{[%clk 1:30:26]} 14. Bf4 {[%clk 1:23:20]} Bd6 {[%clk 1:29:49]} 15. c4
{[%clk 1:18:53]} Nd7 {[%clk 1:27:23]} 16. cxd5 {[%clk 1:14:33]} Bxe5
{[%clk 1:23:59]} 17. Bxe5 {[%clk 1:14:02]} Nxe5 {[%clk 1:24:22]} 18. Rxe5
{[%clk 1:14:16]} cxd5 {[%clk 1:24:38]} 19. Rc1 {[%clk 1:12:58]} Qb6
{[%clk 1:23:26]} 20. Qa4+ {[%clk 1:12:56]} Qb5 {[%clk 1:23:21]} 21. Qxb5+
{[%clk 1:12:47]} axb5 {[%clk 1:23:46]} 22. f4 {[%clk 1:12:54]} Kd7
{[%clk 1:22:23]} 23. f5 {[%clk 1:09:32]} f6 {[%clk 1:20:13]} 24. fxe6+
{[%clk 1:08:21]} Kd6 {[%clk 1:20:08]} 25. Re2 {[%clk 1:07:46]} Rxa2
{[%clk 1:19:31]} 26. Nb3 {[%clk 1:06:46]} Bd3 {[%clk 1:19:30]} 27. Rd2
{[%clk 1:05:55]} Bc4 {[%clk 1:19:48]} 28. Nc5 {[%clk 1:04:56]} b4
{[%clk 1:19:31]} 29. Kf2 {[%clk 1:00:51]} b3 {[%clk 1:19:42]} 30. Rc3
{[%clk 1:00:47]} Ra1 {[%clk 1:19:01]} 31. Nxb3 {[%clk 0:59:55]} Bxb3
{[%clk 1:19:24]} 32. Rxb3 {[%clk 0:59:51]} Kxe6 {[%clk 1:19:51]} 33. Rb6+
{[%clk 0:59:49]} Kf7 {[%clk 1:20:11]} 34. Rc2 {[%clk 0:59:29]} Rd1
{[%clk 1:20:00]} 35. Rc7+ {[%clk 0:59:13]} Kg6 {[%clk 1:20:18]} 36. Ke3
{[%clk 0:48:09]} Re8+ {[%clk 1:20:06]} 37. Kf2 {[%clk 0:47:22]} Rxd4
{[%clk 1:20:19]} 38. Rbb7 {[%clk 0:46:55]} Rd2+ {[%clk 1:19:27]} 39. Kg3
{[%clk 0:46:16]} Rd3+ {[%clk 1:18:38]} 40. Kf2 {[%clk 0:45:20]} Rg8
{[%clk 1:18:41]} 41. Rd7 {[%clk 0:44:52]} h5 {[%clk 1:14:50]} 42. gxh5+
{[%clk 0:41:05]} Kxh5 {[%clk 1:14:38]} 43. Rxg7 {[%clk 0:32:39]} Rxg7
{[%clk 1:14:46]} 44. Rxg7 {[%clk 0:32:59]} Rd2+ {[%clk 1:15:11]} 45. Ke3
{[%clk 0:32:48]} Rxb2 {[%clk 1:15:30]} 46. Rd7 {[%clk 0:32:26]} Rb3+
{[%clk 1:10:54]} 47. Kf4 {[%clk 0:32:17]} Kg6 {[%clk 1:09:40]} 48. Rxd5
{[%clk 0:31:43]} Rxh3 {[%clk 1:10:02]} 49. Rd6 {[%clk 0:31:25]} Ra3
{[%clk 1:09:47]} 50. Rd4 {[%clk 0:29:47]} Rh3 {[%clk 1:08:45]} 51. Rd6
{[%clk 0:29:12]} Rh4+ {[%clk 1:09:00]} 52. Kf3 {[%clk 0:29:29]} Kg5
{[%clk 1:08:49]} 53. Rd8 {[%clk 0:29:19]} Rh3+ {[%clk 1:08:20]} 54. Kf2
{[%clk 0:29:33]} f5 {[%clk 1:08:32]} 55. Rf8 {[%clk 0:29:44]} Kf4
{[%clk 1:08:21]} 56. Kg2 {[%clk 0:29:17]} Ra3 {[%clk 1:08:35]} 57. Kf1
{[%clk 0:29:22]} Ra2 {[%clk 1:08:46]} 58. Ke1 {[%clk 0:29:32]} Ke3
{[%clk 1:09:00]} 59. Re8+ {[%clk 0:29:00]} Kf3 {[%clk 1:09:21]} 60. Rf8
{[%clk 0:28:37]} f4 {[%clk 1:09:43]} 61. Rf7 {[%clk 0:25:46]} Ra1+
{[%clk 1:08:40]} 62. Kd2 {[%clk 0:26:01]} Kg3 {[%clk 1:09:01]} 63. Rg7+
{[%clk 0:26:07]} Kf2 {[%clk 1:09:12]} 64. Rf7 {[%clk 0:25:38]} f3
{[%clk 1:09:37]} 65. Rg7 {[%clk 0:24:30]} Kf1 {[%clk 1:08:51]} 66. Rg8
{[%clk 0:23:18]} f2 {[%clk 1:07:36]} 67. Rg7 {[%clk 0:23:02]} Ra2+
{[%clk 1:07:58]} 68. Kc3 {[%clk 0:22:57]} Ke1 {[%clk 1:07:43]} 69. Re7+
{[%clk 0:23:00]} Re2 {[%clk 1:07:52]} 70. Rf7 {[%clk 0:22:22]} f1=Q
{[%clk 1:08:10]} 71. Rxf1+ {[%clk 0:22:47]} Kxf1 0-1

[Event "D"]
[Site "?"]
[Date "2018.08.25"]
[Round "5.9"]
[White "Mrozek, Zofia"]
[Black "Stefaniuk, Zbigniew"]
[Result "1-0"]
[BlackElo "1173"]
[WhiteElo "1268"]
[LiveChessVersion "1.4.8"]

1. e4 {[%clk 1:30:58]} c5 {[%clk 1:30:54]} 2. Nf3 {[%clk 1:31:23]} d6
{[%clk 1:31:18]} 3. d4 {[%clk 1:31:49]} cxd4 {[%clk 1:31:41]} 4. Nxd4
{[%clk 1:32:16]} Nf6 {[%clk 1:32:05]} 5. Nc3 {[%clk 1:32:42]} a6 {[%clk 1:32:27]}
6. f3 {[%clk 1:32:08]} e5 {[%clk 1:32:47]} 7. Nb3 {[%clk 1:32:35]} Be6
{[%clk 1:32:55]} 8. Be3 {[%clk 1:32:56]} Be7 {[%clk 1:33:01]} 9. Qd2
{[%clk 1:33:17]} O-O {[%clk 1:33:07]} 10. g4 {[%clk 1:33:22]} b5 {[%clk 1:33:10]}
11. O-O-O {[%clk 1:33:26]} Nbd7 {[%clk 1:32:49]} 12. h4 {[%clk 1:32:26]} Qc7
{[%clk 1:29:08]} 13. h5 {[%clk 1:28:44]} Rac8 {[%clk 1:25:05]} 14. g5
{[%clk 1:28:41]} Ne8 {[%clk 1:24:09]} 15. g6 {[%clk 1:29:00]} fxg6
{[%clk 1:23:43]} 16. hxg6 {[%clk 1:29:22]} b4 {[%clk 1:20:15]} 17. Nd5
{[%clk 1:27:48]} Bxd5 {[%clk 1:20:13]} 18. Qxd5+ {[%clk 1:28:14]} 1-0

[Event "D"]
[Site "?"]
[Date "2018.08.25"]
[Round "5.10"]
[White "Mrozek, Wojciech"]
[Black "Kopestynski, Michal"]
[Result "0-1"]
[BlackElo "1234"]
[WhiteElo "1065"]
[LiveChessVersion "1.4.8"]

1. e4 {[%clk 1:30:49]} c5 {[%clk 1:30:54]} 2. c4 {[%clk 1:30:50]} d6
{[%clk 1:31:16]} 3. Ne2 {[%clk 1:31:13]} Nf6 {[%clk 1:31:34]} 4. Nbc3
{[%clk 1:31:35]} a6 {[%clk 1:31:33]} 5. d4 {[%clk 1:31:56]} cxd4 {[%clk 1:31:57]}
6. Nxd4 {[%clk 1:32:17]} e5 {[%clk 1:31:08]} 7. Nde2 {[%clk 1:31:41]} Be6
{[%clk 1:31:30]} 8. b3 {[%clk 1:30:45]} Be7 {[%clk 1:31:36]} 9. g3
{[%clk 1:31:09]} Nbd7 {[%clk 1:31:59]} 10. Be3 {[%clk 1:30:30]} O-O
{[%clk 1:30:50]} 11. Bg2 {[%clk 1:28:27]} Qc7 {[%clk 1:31:04]} 12. Nd5
{[%clk 1:24:31]} Nxd5 {[%clk 1:26:13]} 13. cxd5 {[%clk 1:24:55]} Bg4
{[%clk 1:26:38]} 14. f3 {[%clk 1:25:15]} Bh5 {[%clk 1:27:01]} 15. O-O
{[%clk 1:24:57]} Rac8 {[%clk 1:24:06]} 16. Rc1 {[%clk 1:25:13]} Qd8
{[%clk 1:24:31]} 17. Qd2 {[%clk 1:25:33]} Bg6 {[%clk 1:21:08]} 18. Rxc8
{[%clk 1:25:38]} Qxc8 {[%clk 1:21:31]} 19. Rc1 {[%clk 1:26:03]} Qd8
{[%clk 1:21:54]} 20. Rc3 {[%clk 1:19:40]} f5 {[%clk 1:16:14]} 21. Qc1
{[%clk 1:18:44]} fxe4 {[%clk 1:13:12]} 22. fxe4 {[%clk 1:19:10]} Nf6
{[%clk 1:13:35]} 23. Rc7 {[%clk 1:10:38]} Bh5 {[%clk 1:10:29]} 24. Rc2
{[%clk 1:10:32]} Ng4 {[%clk 1:05:20]} 25. h3 {[%clk 1:05:55]} Nxe3
{[%clk 1:05:31]} 26. Qxe3 {[%clk 1:06:17]} Bg5 {[%clk 0:56:52]} 27. Qd3
{[%clk 1:03:46]} Qb6+ {[%clk 0:50:41]} 28. Kh2 {[%clk 1:03:09]} Bf3
{[%clk 0:46:27]} 29. Nd4 {[%clk 0:59:35]} Bxg2 {[%clk 0:46:16]} 30. Ne6
{[%clk 0:58:59]} Rf2 {[%clk 0:43:46]} 31. Rc8+ {[%clk 0:58:41]} Kf7
{[%clk 0:43:50]} 32. Nxg5+ {[%clk 0:48:44]} Ke7 {[%clk 0:44:08]} 33. Qc4
{[%clk 0:48:02]} Bf3+ {[%clk 0:44:12]} 34. Kg1 {[%clk 0:47:47]} Rg2+
{[%clk 0:44:35]} 35. Kf1 {[%clk 0:47:52]} Qf2# {[%clk 0:44:59]} 0-1

[Event "D"]
[Site "?"]
[Date "2018.08.25"]
[Round "6.1"]
[White "Miranowska, Anna"]
[Black "Barwinska, Ewa"]
[Result "0-1"]
[BlackElo "1451"]
[WhiteElo "1273"]
[LiveChessVersion "1.4.8"]

1. d4 {[%clk 1:30:59]} d5 {[%clk 1:30:50]} 2. Nf3 {[%clk 1:31:26]} Nf6
{[%clk 1:30:54]} 3. c4 {[%clk 1:31:51]} e6 {[%clk 1:31:08]} 4. Nc3
{[%clk 1:32:14]} c6 {[%clk 1:31:28]} 5. cxd5 {[%clk 1:32:34]} exd5
{[%clk 1:30:46]} 6. Bg5 {[%clk 1:32:39]} h6 {[%clk 1:28:12]} 7. Bh4
{[%clk 1:32:50]} Bf5 {[%clk 1:26:36]} 8. e3 {[%clk 1:30:54]} Nbd7
{[%clk 1:23:06]} 9. Bd3 {[%clk 1:30:49]} Bxd3 {[%clk 1:23:01]} 10. Qxd3
{[%clk 1:31:04]} Qb6 {[%clk 1:22:09]} 11. Rb1 {[%clk 1:29:36]} Bd6
{[%clk 1:20:08]} 12. O-O {[%clk 1:28:19]} O-O {[%clk 1:19:26]} 13. Bg3
{[%clk 1:27:14]} Bxg3 {[%clk 1:17:15]} 14. hxg3 {[%clk 1:27:31]} Rfe8
{[%clk 1:16:11]} 15. Rfc1 {[%clk 1:25:22]} Ne4 {[%clk 1:15:04]} 16. b4
{[%clk 1:16:58]} a6 {[%clk 1:13:48]} 17. a4 {[%clk 1:14:04]} Nxc3
{[%clk 1:12:51]} 18. Rxc3 {[%clk 1:11:57]} Nf6 {[%clk 1:10:33]} 19. Nd2
{[%clk 1:07:12]} Rac8 {[%clk 1:04:36]} 20. b5 {[%clk 0:42:11]} axb5
{[%clk 1:04:47]} 21. axb5 {[%clk 0:42:22]} cxb5 {[%clk 1:03:47]} 22. Rxc8
{[%clk 0:41:47]} Rxc8 {[%clk 1:04:11]} 23. Rxb5 {[%clk 0:37:35]} Rc1+
{[%clk 1:02:57]} 24. Nf1 {[%clk 0:37:14]} Qc6 {[%clk 1:02:03]} 25. Rb1
{[%clk 0:27:27]} Ne4 {[%clk 1:01:22]} 26. Rxc1 {[%clk 0:26:11]} Qxc1
{[%clk 1:01:47]} 27. Qe2 {[%clk 0:24:06]} Qc4 {[%clk 0:50:04]} 28. Qb2
{[%clk 0:20:36]} b5 {[%clk 0:49:02]} 29. Nd2 {[%clk 0:19:43]} Qe2
{[%clk 0:48:05]} 30. Qc1 {[%clk 0:15:32]} Qxf2+ {[%clk 0:47:41]} 31. Kh1
{[%clk 0:15:08]} Nxd2 {[%clk 0:48:00]} 32. Kh2 {[%clk 0:14:19]} Nf1+
{[%clk 0:48:11]} 33. Kh1 {[%clk 0:14:16]} Nxe3 {[%clk 0:48:34]} 34. Qg1
{[%clk 0:13:42]} Qxg1+ {[%clk 0:48:58]} 35. Kxg1 {[%clk 0:14:05]} b4
{[%clk 0:49:21]} 36. Kf2 {[%clk 0:14:24]} b3 {[%clk 0:49:46]} 37. Ke2
{[%clk 0:14:18]} b2 {[%clk 0:50:11]} 38. Kd2 {[%clk 0:14:32]} b1=Q
{[%clk 0:50:33]} 39. Kc3 {[%clk 0:14:51]} Qc2+ {[%clk 0:50:56]} 40. Kb4
{[%clk 0:15:12]} Qc4+ {[%clk 0:51:20]} 41. Ka3 {[%clk 0:13:20]} Qb5
{[%clk 0:51:42]} 42. g4 {[%clk 0:13:19]} Nc4+ {[%clk 0:52:05]} 43. Ka2
{[%clk 0:13:36]} Qb2# {[%clk 0:52:32]} 0-1

[Event "D"]
[Site "?"]
[Date "2018.08.25"]
[Round "6.2"]
[White "Ullrich, Karol"]
[Black "Sokol, Maria"]
[Result "1/2-1/2"]
[BlackElo "1304"]
[WhiteElo "1303"]
[LiveChessVersion "1.4.8"]

1. e4 c5 2. Nf3 e6 3. d4 cxd4 4. Nxd4 a6 5. c4 Nf6 6. Nc3 Qc7 7. Bd3 b6 8. O-O
Bb7 9. Re1 d6 10. b3 Nbd7 11. Bb2 Be7 12. Rc1 Nc5 13. Bc2 O-O 14. b4 Ncd7 15. Bb3
Rfe8 16. Kh1 Ne5 17. Qe2 Nc6 18. Nxc6 Bxc6 19. Ba4 Bxa4 20. Nxa4 Qb7 21. c5 dxc5
22. bxc5 bxc5 23. Nxc5 Qb5 24. a4 Qxe2 25. Rxe2 Rec8 26. e5 Nd5 27. Rec2 Bg5 28.
Rd1 Rc7 29. Bd4 Be7 30. Rcc1 Bg5 31. Rb1 Be7 32. Rbc1 Rac8 33. Nd3 Rxc1 34. Rxc1
Rxc1+ 35. Nxc1 Nb4 36. Nb3 Kf8 37. Kg1 Ke8 38. Kf1 Nc6 39. Bc3 Kd7 40. Ke2 Nb4
41. Nd4 Nd5 42. Ba5 Bd8 43. Bxd8 Kxd8 44. Kd3 Kc7 45. Kc4 Kb6 46. Nb3 Nf4 47. a5+
Ka7 48. g3 Ng6 49. f4 Kb7 50. Kc5 Kc7 51. Nd4 Nf8 52. Nf3 Nd7+ 53. Kc4 h6 54. h4
Nf8 55. h5 Kc6 1/2-1/2

[Event "D"]
[Site "?"]
[Date "2018.08.25"]
[Round "6.3"]
[White "Bednarczyk, Mateusz"]
[Black "Grubiak, Karol"]
[Result "1-0"]
[BlackElo "1164"]
[WhiteElo "1451"]
[LiveChessVersion "1.4.8"]

1. e4 {[%clk 1:30:59]} e5 {[%clk 1:30:58]} 2. Nf3 {[%clk 1:31:24]} Nc6
{[%clk 1:31:24]} 3. Bb5 {[%clk 1:31:50]} d6 {[%clk 1:31:44]} 4. O-O
{[%clk 1:31:40]} Bg4 {[%clk 1:32:00]} 5. c3 {[%clk 1:31:47]} Nge7
{[%clk 1:31:34]} 6. d3 {[%clk 1:28:41]} g6 {[%clk 1:31:05]} 7. Nbd2
{[%clk 1:29:02]} Bg7 {[%clk 1:30:56]} 8. h3 {[%clk 1:29:20]} Bd7 {[%clk 1:31:00]}
9. Ba4 {[%clk 1:28:05]} Nc8 {[%clk 1:30:36]} 10. Re1 {[%clk 1:27:19]} O-O
{[%clk 1:30:45]} 11. Bc2 {[%clk 1:26:14]} Nb6 {[%clk 1:30:45]} 12. Nf1
{[%clk 1:25:44]} Qc8 {[%clk 1:29:19]} 13. Ng3 {[%clk 1:24:27]} Kh8
{[%clk 1:27:13]} 14. Be3 {[%clk 1:24:36]} Nd8 {[%clk 1:26:00]} 15. Qd2
{[%clk 1:24:53]} Ne6 {[%clk 1:23:42]} 16. Bh6 {[%clk 1:25:00]} f6
{[%clk 1:23:02]} 17. Bxg7+ {[%clk 1:24:39]} Kxg7 {[%clk 1:23:19]} 18. h4
{[%clk 1:23:51]} Nf4 {[%clk 1:23:02]} 19. Ne2 {[%clk 1:22:08]} Nxe2+
{[%clk 1:17:41]} 20. Rxe2 {[%clk 1:20:45]} d5 {[%clk 1:17:38]} 21. Bb3
{[%clk 1:20:03]} dxe4 {[%clk 1:17:41]} 22. dxe4 {[%clk 1:20:13]} Bg4
{[%clk 1:16:44]} 23. Re3 {[%clk 1:20:09]} a5 {[%clk 1:16:33]} 24. a4
{[%clk 1:20:11]} Nd7 {[%clk 1:13:56]} 25. Nh2 {[%clk 1:20:22]} Nc5
{[%clk 1:13:47]} 26. Bc2 {[%clk 1:20:17]} Be6 {[%clk 1:14:02]} 27. h5
{[%clk 1:16:43]} g5 {[%clk 1:12:47]} 28. b4 {[%clk 1:14:41]} axb4
{[%clk 1:12:39]} 29. cxb4 Nd7 {[%clk 1:10:43]} 30. a5 {[%clk 1:15:11]} b5
{[%clk 1:09:34]} 31. Qc3 {[%clk 1:15:09]} c5 32. bxc5 {[%clk 1:13:58]} Qxc5
{[%clk 1:08:38]} 33. Bb3 Qxc3 {[%clk 1:07:33]} 34. Rxc3 {[%clk 1:06:44]} Bxb3
{[%clk 1:07:56]} 35. Rxb3 {[%clk 1:07:11]} Rfb8 {[%clk 1:08:11]} 36. Rc3
{[%clk 1:06:23]} Ra7 {[%clk 1:07:39]} 37. Rac1 {[%clk 1:06:19]} Rbb7
{[%clk 1:07:26]} 38. Ng4 {[%clk 1:02:44]} b4 {[%clk 0:58:45]} 39. Rc6
{[%clk 1:02:00]} b3 {[%clk 0:58:34]} 40. Ne3 {[%clk 1:00:32]} Rxa5
{[%clk 0:53:46]} 41. Nf5+ {[%clk 1:00:31]} Kf7 {[%clk 0:53:10]} 42. Nd6+
{[%clk 1:00:57]} Ke7 {[%clk 0:52:38]} 43. Nxb7 {[%clk 1:01:22]} Ra7
{[%clk 0:52:44]} 44. Rb1 {[%clk 1:00:58]} Rxb7 {[%clk 0:53:02]} 45. Rc3
{[%clk 1:01:25]} b2 {[%clk 0:52:42]} 46. Rc2 {[%clk 1:01:14]} Rb4
{[%clk 0:53:06]} 47. f3 {[%clk 1:01:12]} Rd4 {[%clk 0:53:04]} 48. Rbxb2
{[%clk 1:01:34]} Ke6 {[%clk 0:50:12]} 49. Rb7 {[%clk 1:01:43]} Ke7
{[%clk 0:49:41]} 50. Kh2 {[%clk 1:02:03]} Rd1 {[%clk 0:48:27]} 51. Rc8
{[%clk 1:02:03]} Ke6 {[%clk 0:47:55]} 52. Rh8 {[%clk 1:01:41]} f5
{[%clk 0:45:37]} 53. Rxh7 {[%clk 1:00:52]} fxe4 {[%clk 0:45:39]} 54. fxe4 Rd4
{[%clk 0:45:39]} 55. Rbxd7 {[%clk 1:01:16]} Rxe4 {[%clk 0:45:08]} 56. Ra7
{[%clk 1:00:35]} Rh4+ {[%clk 0:44:52]} 57. Kg3 {[%clk 1:01:01]} Kf5
{[%clk 0:44:42]} 58. Rhf7+ {[%clk 1:01:04]} Ke6 {[%clk 0:44:49]} 59. Rfb7
{[%clk 1:01:03]} Rxh5 {[%clk 0:43:52]} 60. Rh7 {[%clk 1:00:53]} Rxh7
{[%clk 0:44:01]} 61. Rxh7 {[%clk 1:00:52]} Kf5 {[%clk 0:43:30]} 62. Rf7+
{[%clk 1:01:00]} Ke4 {[%clk 0:43:53]} 63. Kg4 {[%clk 1:01:21]} Ke3
{[%clk 0:44:12]} 64. Kxg5 {[%clk 1:01:39]} e4 {[%clk 0:44:39]} 65. Re7
{[%clk 1:02:05]} Kf2 {[%clk 0:44:25]} 66. Rxe4 {[%clk 1:02:28]} Kxg2
{[%clk 0:44:41]} 1-0

[Event "D"]
[Site "?"]
[Date "2018.08.25"]
[Round "6.4"]
[White "Kopestynski, Michal"]
[Black "Kolarz, Maciej"]
[Result "0-1"]
[BlackElo "1378"]
[WhiteElo "1234"]
[LiveChessVersion "1.4.8"]

1. e4 e6 2. d4 d5 3. exd5 exd5 4. c4 Nc6 5. Nc3 dxc4 6. Nf3 Bg4 7. Bxc4 Nf6 8.
Be3 Bb4 9. a3 Bxc3+ 10. bxc3 O-O 11. O-O Qd6 12. h3 Bh5 13. Re1 Ne4 14. g4 Bg6
15. Qc2 Qf6 16. Kg2 Rae8 17. Ng1 Ng5 18. Qd2 Be4+ 19. Kf1 Nf3 20. g5 Nxd2+ 21.
Bxd2 Qf5 0-1